Update (Record no. 80427)

MARC details
000 -LEADER
fixed length control field 01232cab a22002655a 4500
001 - CONTROL NUMBER
control field L144320
008 - FIXED-LENGTH DATA ELEMENTS--GENERAL INFORMATION
fixed length control field 080710e20080701xxko f 000 0 eng d
035 ## - SYSTEM CONTROL NUMBER
System control number (Sirsi) u144320
041 0# - LANGUAGE CODE
Language code of text/sound track or separate title eng
100 1# - MAIN ENTRY--PERSONAL NAME
Personal name Jones, Gregory
245 00 - TITLE STATEMENT
Title Update
Remainder of title planning and environmental law
260 ## - PUBLICATION, DISTRIBUTION, ETC.
Date of publication, distribution, etc. 2008
490 ## - SERIES STATEMENT
Series statement Solicitors Journal
Volume/sequential designation 152(26) 1 July 2008, 20-22(2)
520 ## - SUMMARY, ETC.
Summary, etc. Article looks at recent cases on appeals procedure, strategic environmental assessments and green belt boundaries. Provides case overviews and details of the judgments handed down
650 24 - SUBJECT ADDED ENTRY--TOPICAL TERM
Topical term or geographic name entry element LONDON BOROUGH OF HARINGEY V SECRETARY OF STATE FOR COMMUNITIES AND LOCAL GOVERNMENT
650 24 - SUBJECT ADDED ENTRY--TOPICAL TERM
Topical term or geographic name entry element TECHNOPRINT PLC V LEEDS CITY COUNCIL
650 24 - SUBJECT ADDED ENTRY--TOPICAL TERM
Topical term or geographic name entry element JONES V SWANSEA CITY AND COUNTY COUNCIL
650 24 - SUBJECT ADDED ENTRY--TOPICAL TERM
Topical term or geographic name entry element ORANGE PERSONAL COMMUNICATIONS SERVICES LTD V BIRMINGHAM CITY COUNCIL AND SMALDRENE (MIDLANDS) LTD
650 24 - SUBJECT ADDED ENTRY--TOPICAL TERM
Topical term or geographic name entry element ENVIRONMENTAL ASSESSMENT OF PLANS AND PROGRAMMES REGULATIONS (NORTHERN IRELAND) 2004
650 24 - SUBJECT ADDED ENTRY--TOPICAL TERM
Topical term or geographic name entry element HOWSMOOR DEVELOPMENTS LTD V SOUTH GLOUCESTER DISTRICT COUNCIL
650 24 - SUBJECT ADDED ENTRY--TOPICAL TERM
Topical term or geographic name entry element DAVID WILSON ESTATES LIMITED V MID BEDFORDSHIRE DISTRICT COUNCIL
651 #4 - SUBJECT ADDED ENTRY--GEOGRAPHIC NAME
Geographic name United Kingdom
Chronological subdivision
690 ## - LOCAL SUBJECT ADDED ENTRY--TOPICAL TERM (OCLC, RLIN)
Topical term or geographic name as entry element Planning and development
9 (RLIN) 6259
942 ## - ADDED ENTRY ELEMENTS (KOHA)
Suppress in OPAC 0
Holdings
Withdrawn status Lost status Source of classification or shelving scheme Damaged status Not for loan Home library Current library Shelving location Date acquired Total Checkouts Full call number Barcode Date last seen Copy number Price effective from Koha item type
    Dewey Decimal Classification     London London Journal article 10/07/2008   L144320 144320-1001 06/08/2019 1 06/08/2019 Journal article